CUSTOMER BEHAVIOR A MANAGERIAL PERSPECTI (Record no. 4202)

MARC details
000 -LEADER
fixed length control field 00381nam a2200145Ia 4500
008 - FIXED-LENGTH DATA ELEMENTS--GENERAL INFORMATION
fixed length control field 240624s9999 xx 000 0 und d
041 ## - LANGUAGE CODE
Language code of text/sound track or separate title eng
082 ## - DEWEY DECIMAL CLASSIFICATION NUMBER
Classification number 658.812 SHE
100 ## - MAIN ENTRY--PERSONAL NAME
Personal name SHETH JAGDISH
245 ## - TITLE STATEMENT
Title CUSTOMER BEHAVIOR A MANAGERIAL PERSPECTI
250 ## - EDITION STATEMENT
Edition statement (2nd ed.)
260 ## - PUBLICATION, DISTRIBUTION, ETC.
Date of publication, distribution, etc. 2005
Place of publication, distribution, etc. Singapore
Name of publisher, distributor, etc. Thomson Learning
300 ## - PHYSICAL DESCRIPTION
Extent xix, : 487 : p. : cm. ; 25
365 ## - TRADE PRICE
Currency code
Price amount 25
Holdings
Withdrawn status Lost status Damaged status Not for loan Home library Current library Shelving location Date acquired Source of acquisition Cost, normal purchase price Full call number Barcode Date last seen Copy number Price effective from Koha item type
        IMTN IMTN Rack 37-A 12/03/2006 AP 92.37 658.812 SHE 4202 06/24/2024 48 06/24/2024 Books
Designed & Maintained by: LRC IMT Nagpur Contact: lrc@imtnag.ac.in© 2024. All Rights Reserved.